[Event "Warsaw Najdorf Memorial op-B 13th"]
[Site "Warsaw"]
[Date "2015.07.18"]
[Round "9"]
[White "Zaleski, Lukasz"]
[Black "Szewczyk, Mariusz"]
[Result "1-0"]
[WhiteElo "1957"]
[BlackElo "2051"]
[PlyCount "51"]
[EventDate "2015.07.10"]
[EventType "swiss"]
[EventRounds "9"]
[EventCountry "POL"]
[SourceTitle "CBM 167 Extra"]
[Source "ChessBase"]
[SourceDate "2015.09.14"]
[SourceVersion "1"]
[SourceVersionDate "2015.09.14"]
[SourceQuality "1"]

1. e4 e5 2. Nf3 Nc6 3. Bc4 Bc5 4. d3 Nf6 5. Nc3 d6 6. Bg5 h6 7. Bxf6 Qxf6 8. Nd5 Qd8 9. c3 a6 10. 0-0 0-0 11. d4 Ba7 12. h3 Be6 13. Bb3 Kh8 14. Re1 f5 15. Nf4 exf4 16. Bxe6 fxe4 17. Rxe4 Qf6 18. Qe2 Rad8 19. Bb3 g5 20. Re6 Qg7 21. Bc2 Rf6 22. Re1 Rdf8 23. Qd3 Rxe6 24. Rxe6 Ne7 25. Qe4 Nf5 26. Re8 1-0

[Event "Warsaw Najdorf Memorial op-B 13th"]
[Site "Warsaw"]
[Date "2015.07.12"]
[Round "3"]
[White "Guerrero Rodriguez, Alejandra"]
[Black "Szewczyk, Mariusz"]
[Result "1-0"]
[WhiteElo "2008"]
[BlackElo "2051"]
[PlyCount "31"]
[EventDate "2015.07.10"]
[EventType "swiss"]
[EventRounds "9"]
[EventCountry "POL"]
[SourceTitle "CBM 167 Extra"]
[Source "ChessBase"]
[SourceDate "2015.09.14"]
[SourceVersion "1"]
[SourceVersionDate "2015.09.14"]
[SourceQuality "1"]

1. e4 e5 2. Nf3 Nf6 3. Nxe5 d6 4. Nf3 Nxe4 5. d4 d5 6. Bd3 Bd6 7. 0-0 0-0 8. c4 c6 9. Nc3 Nxc3 10. bxc3 Bg4 11. Rb1 b6 12. h3 Bh5 13. Re1 Qf6 14. g4 dxc4 15. Bg5 Bh2+ 16. Kxh2 1-0

[Event "Warsaw YMCA Spring-A 138th"]
[Site "Warsaw"]
[Date "2014.04.29"]
[Round "4"]
[White "Sielicki, Tomasz"]
[Black "Szewczyk, Mariusz"]
[Result "0-1"]
[WhiteElo "2010"]
[BlackElo "2024"]
[PlyCount "76"]
[EventDate "2014.04.08"]
[EventType "tourn"]
[EventRounds "11"]
[EventCountry "POL"]
[SourceTitle "EXT 2015"]
[Source "ChessBase"]
[SourceDate "2014.11.20"]
[SourceVersion "1"]
[SourceVersionDate "2014.11.20"]
[SourceQuality "1"]

1. d4 Nf6 2. Bg5 e6 3. Nd2 c5 4. e4 cxd4 5. e5 Qa5 6. Bxf6 gxf6 7. exf6 Qe5+ 8. Ne2 Nc6 9. a3 Qxf6 10. Nf3 e5 11. Ng3 d5 12. Bb5 Bg4 13. 0-0 h5 14. Re1 Bxf3 15. Qxf3 Qxf3 16. gxf3 f6 17. f4 Bd6 18. fxe5 fxe5 19. Rad1 0-0-0 20. Nf5 Bc7 21. f4 Rdf8 22. Ng3 Rxf4 23. c3 h4 24. Ne2 Rg8+ 25. Kh1 Rf2 26. Rf1 Rxf1+ 27. Rxf1 dxc3 28. Nxc3 a6 29. Ba4 d4 30. Nd5 Rd8 31. Bb3 e4 32. Rf7 Ba5 33. Nf6 e3 34. Be6+ Kb8 35. Nd7+ Rxd7 36. Bxd7 e2 37. Rf8+ Kc7 38. Re8 e1Q+ 0-1

[Event "Warsaw Najdorf Memorial op-B 11th"]
[Site "Warsaw"]
[Date "2013.08.05"]
[Round "1"]
[White "Szewczyk, Mariusz"]
[Black "Golecki, Jan"]
[Result "1-0"]
[WhiteElo "1996"]
[BlackElo "1532"]
[PlyCount "97"]
[EventDate "2013.08.05"]
[EventType "swiss"]
[EventRounds "9"]
[EventCountry "POL"]
[SourceTitle "CBM 155 Extra"]
[Source "ChessBase"]
[SourceDate "2013.08.26"]
[SourceVersion "1"]
[SourceVersionDate "2013.08.26"]
[SourceQuality "1"]

1. e4 c5 2. Nf3 e6 3. e5 Nc6 4. Bb5 Nge7 5. Nc3 a6 6. Ne4 Nd5 7. Bxc6 bxc6 8. d3 d6 9. c4 Nb6 10. Be3 dxe5 11. Nxe5 Nd7 12. Nxd7 Bxd7 13. 0-0 Qa5 14. Qh5 Be7 15. Bxc5 0-0 16. b4 Qd8 17. Bxe7 Qxe7 18. Qc5 Qxc5 19. Nxc5 Rfd8 20. d4 Bc8 21. Rfd1 Rb8 22. a3 Kf8 23. f4 Ke7 24. Kf2 Kd6 25. Rd2 Kc7 26. Re1 a5 27. bxa5 Ra8 28. Re5 Ba6 29. Nxa6+ Rxa6 30. f5 exf5 31. Rxf5 f6 32. Rd3 Rd6 33. Rh5 h6 34. Ke3 Re6+ 35. Kd2 Rd6 36. Rc5 Kb7 37. d5 cxd5 38. Rdxd5 Rxd5+ 39. cxd5 Rd6 40. Kd3 f5 41. Kd4 Ra6 42. Rc2 Rd6 43. Rc5 Rg6 44. g3 f4 45. gxf4 Rg2 46. h3 Rf2 47. Ke4 g6 48. d6 Rd2 49. Ke5 1-0

[Event "Olsztyn op U18 blitz"]
[Site "Olsztyn"]
[Date "2013.08.03"]
[Round "2"]
[White "Drozdowski, Kacper"]
[Black "Szewczyk, Mariusz"]
[Result "1-0"]
[WhiteElo "2437"]
[BlackElo "1996"]
[PlyCount "57"]
[EventDate "2013.08.03"]
[EventType "swiss (blitz)"]
[EventRounds "22"]
[EventCountry "POL"]
[SourceTitle "CBM 155 Extra"]
[Source "ChessBase"]
[SourceDate "2013.08.26"]
[SourceVersion "1"]
[SourceVersionDate "2013.08.26"]
[SourceQuality "1"]

1. e4 e5 2. Nf3 d5 3. exd5 e4 4. Qe2 Nf6 5. d3 Qxd5 6. Nc3 Bb4 7. Nd2 Bxc3 8. bxc3 0-0 9. dxe4 Qe5 10. Bb2 Re8 11. f3 Nc6 12. 0-0-0 Qa5 13. Kb1 Be6 14. Nb3 Bxb3 15. axb3 a6 16. Qc4 Rad8 17. Be2 Nd7 18. Qd5 Nc5 19. Qf5 Qb6 20. Bc4 Rf8 21. Rxd8 Nxd8 22. Rd1 Nde6 23. Bxe6 Nxe6 24. c4 a5 25. Qb5 Qa7 26. Qe5 c6 27. f4 a4 28. f5 Nc5 29. Qxg7# 1-0

[Event "Olsztyn op U18 blitz"]
[Site "Olsztyn"]
[Date "2013.08.03"]
[Round "1"]
[White "Szewczyk, Mariusz"]
[Black "Drozdowski, Kacper"]
[Result "0-1"]
[WhiteElo "1996"]
[BlackElo "2437"]
[PlyCount "62"]
[EventDate "2013.08.03"]
[EventType "swiss (blitz)"]
[EventRounds "22"]
[EventCountry "POL"]
[SourceTitle "CBM 155 Extra"]
[Source "ChessBase"]
[SourceDate "2013.08.26"]
[SourceVersion "1"]
[SourceVersionDate "2013.08.26"]
[SourceQuality "1"]

1. e4 c5 2. Nf3 e6 3. e5 Nc6 4. c3 d6 5. Bb5 Bd7 6. exd6 Bxd6 7. 0-0 Nf6 8. d4 cxd4 9. Bxc6 Bxc6 10. Nxd4 Qc7 11. Nxc6 bxc6 12. g3 0-0 13. Qc2 h6 14. Nd2 Rfd8 15. Ne4 Be7 16. Nxf6+ Bxf6 17. Be3 Rd5 18. Rad1 Qa5 19. b4 Qa3 20. Rxd5 cxd5 21. c4 Qxb4 22. cxd5 exd5 23. Qc6 Rd8 24. Bxh6 Qc4 25. Qxc4 dxc4 26. Be3 a5 27. Rc1 c3 28. Kf1 Rb8 29. Rc2 Rb2 30. Re2 a4 31. g4 c2 0-1

[Event "Lazy Baltic Pearl op 09th"]
[Site "Lazy"]
[Date "2013.06.30"]
[Round "1"]
[White "Szewczyk, Mariusz"]
[Black "Warakomski, Tomasz"]
[Result "0-1"]
[WhiteElo "2047"]
[BlackElo "2488"]
[PlyCount "92"]
[EventDate "2013.06.30"]
[EventType "swiss"]
[EventRounds "9"]
[EventCountry "POL"]
[SourceTitle "CBM 155 Extra"]
[Source "ChessBase"]
[SourceDate "2013.08.26"]
[SourceVersion "1"]
[SourceVersionDate "2013.08.26"]
[SourceQuality "1"]

1. e4 e5 2. Nf3 Nc6 3. Bb5 Nf6 4. 0-0 Nxe4 5. Re1 Nd6 6. Bxc6 dxc6 7. Rxe5+ Be7 8. d4 0-0 9. c3 Re8 10. Nbd2 Bf6 11. Rxe8+ Qxe8 12. Nf1 Bg4 13. Bf4 Qe4 14. Bg3 Bxf3 15. gxf3 Qg6 16. Ne3 Re8 17. Qc2 Qxc2 18. Nxc2 Re2 19. Rc1 Bg5 20. f4 Bf6 21. Kf1 Re8 22. Re1 Rd8 23. Ne3 Kf8 24. Ng4 Be7 25. Ne5 Nf5 26. Nc4 h5 27. Ne3 Nd6 28. f5 Bg5 29. Kg2 Rd7 30. Bxd6+ Rxd6 31. Kf3 Rf6 32. Ke4 g6 33. f4 gxf5+ 34. Ke5 Re6+ 35. Kxf5 Bh4 36. Re2 b5 37. b3 a5 38. c4 b4 39. d5 cxd5 40. cxd5 Re8 41. Rc2 Rxe3 42. Rxc7 Re2 43. d6 Rxa2 44. Rc8+ Kg7 45. Ra8 Rd2 46. Ke5 Bf6+ 0-1

[Event "Warsaw Najdorf Memorial op-A 10th"]
[Site "Warsaw"]
[Date "2012.08.12"]
[Round "7"]
[White "Szewczyk, Mariusz"]
[Black "Spicak, Krzysztof"]
[Result "1-0"]
[WhiteElo "2067"]
[BlackElo "1932"]
[PlyCount "89"]
[EventDate "2012.08.06"]
[EventType "swiss"]
[EventRounds "9"]
[EventCountry "POL"]
[SourceTitle "CBM 149 Extra"]
[Source "ChessBase"]
[SourceDate "2012.08.24"]
[SourceVersion "1"]
[SourceVersionDate "2012.08.24"]
[SourceQuality "1"]

1. e4 e5 2. Nf3 Nc6 3. d4 exd4 4. Nxd4 Bc5 5. Be3 Qf6 6. c3 Bb6 7. Be2 Nge7 8. 0-0 a6 9. Na3 0-0 10. Qd2 Qg6 11. Nxc6 Qxc6 12. Bf3 Bxe3 13. Qxe3 Qe6 14. Rfe1 d6 15. h3 Qg6 16. e5 dxe5 17. Qxe5 Nc6 18. Qxc7 Nd8 19. Qg3 Be6 20. Qxg6 hxg6 21. Nc2 Nc6 22. b3 Rac8 23. c4 Rfd8 24. Rad1 Rxd1 25. Rxd1 Rd8 26. Rxd8+ Nxd8 27. Nd4 Bc8 28. Kf1 Kf8 29. Ke2 f5 30. Bd5 Ke7 31. c5 g5 32. Kd3 Kf6 33. Kc4 g4 34. hxg4 fxg4 35. c6 bxc6 36. Nxc6 Nxc6 37. Bxc6 Ke5 38. Kc5 Bf5 39. b4 Bd3 40. a4 Bf1 41. b5 axb5 42. axb5 g5 43. b6 Ba6 44. b7 Bxb7 45. Bxb7 1-0

[Event "Warsaw YMCA Summer-A 109th"]
[Site "Warsaw"]
[Date "2012.07.13"]
[Round "2"]
[White "Szewczyk, Mariusz"]
[Black "Sujkowski, Pawel"]
[Result "0-1"]
[WhiteElo "2055"]
[BlackElo "1970"]
[PlyCount "84"]
[EventDate "2012.07.11"]
[EventType "tourn"]
[EventRounds "9"]
[EventCountry "POL"]
[SourceTitle "EXT 2019"]
[Source "ChessBase"]
[SourceDate "2018.10.10"]
[SourceVersion "1"]
[SourceVersionDate "2018.10.10"]
[SourceQuality "1"]

1. e4 c5 2. Nf3 Nc6 3. d4 cxd4 4. Nxd4 g6 5. c4 Nf6 6. Nc3 d6 7. Be2 Nxd4 8. Qxd4 Bg7 9. Be3 0-0 10. Qd2 a5 11. Bh6 Be6 12. h4 a4 13. h5 Qa5 14. hxg6 fxg6 15. Bxg7 Kxg7 16. g4 g5 17. 0-0-0 a3 18. b3 Qe5 19. Rdf1 Nd7 20. Rh5 h6 21. f4 Rxf4 22. Rxf4 Qxf4 23. Qxf4 gxf4 24. Nb5 Rf8 25. Nd4 Rf6 26. g5 hxg5 27. Rxg5+ Kh6 28. Rh5+ Kg6 29. Rb5 Nc5 30. b4 Nxe4 31. Bd3 Bxc4 32. Bxe4+ Kh6 33. Rxb7 d5 34. Bg2 e5 35. Nf3 e4 36. Nd2 f3 37. Bf1 e3 38. Nxc4 dxc4 39. Kd1 Rd6+ 40. Ke1 Rd2 41. Bxc4 Rc2 42. Bb3 f2+ 0-1

[Event "Mazowiec-chT 1112"]
[Site "Poland"]
[Date "2012.02.05"]
[Round "5.9"]
[White "Szewczyk, Mariusz"]
[Black "Pazderski, Ziemowit"]
[Result "1/2-1/2"]
[WhiteElo "1857"]
[BlackElo "2189"]
[PlyCount "66"]
[EventDate "2012.01.08"]
[EventType "team-tourn"]
[EventRounds "10"]
[EventCountry "POL"]
[SourceTitle "EXT 2019"]
[Source "ChessBase"]
[SourceDate "2018.10.10"]
[SourceVersion "1"]
[SourceVersionDate "2018.10.10"]
[SourceQuality "1"]

1. d4 d5 2. c4 c6 3. Nc3 e6 4. Nf3 dxc4 5. a4 Bb4 6. e4 b5 7. Bd2 Bb7 8. b3 Nf6 9. bxc4 Bxc3 10. Bxc3 Nxe4 11. Qc2 Nxc3 12. Qxc3 bxc4 13. Bxc4 Nd7 14. a5 c5 15. dxc5 0-0 16. Bb5 Bxf3 17. gxf3 Rb8 18. Bxd7 Qxd7 19. 0-0 Qd5 20. c6 Rb3 21. Qc2 Qxf3 22. Qd1 Qxd1 23. Rfxd1 Rc3 24. Rd7 Rxc6 25. Rxa7 g6 26. a6 Rfc8 27. Kg2 Rc1 28. Ra2 R1c2 29. Ra1 R8c5 30. Ra8+ Rc8 31. Ra7 Rc1 32. Ra2 R1c2 33. Ra3 R2c3 1/2-1/2

[Event "Warsaw YMCA Summer-B 94th"]
[Site "Warsaw"]
[Date "2011.08.19"]
[Round "8"]
[White "Wrabel, Antoni"]
[Black "Szewczyk, Mariusz"]
[Result "0-1"]
[WhiteElo "1739"]
[BlackElo "1804"]
[PlyCount "120"]
[EventDate "2011.07.27"]
[EventType "tourn"]
[EventRounds "11"]
[EventCountry "POL"]
[SourceTitle "EXT 2019"]
[Source "ChessBase"]
[SourceDate "2018.10.10"]
[SourceVersion "1"]
[SourceVersionDate "2018.10.10"]
[SourceQuality "1"]

1. e4 c5 2. Nf3 Nc6 3. d4 cxd4 4. Nxd4 e6 5. Be3 d5 6. exd5 exd5 7. a3 Nf6 8. Be2 Bd6 9. Nc3 a6 10. 0-0 0-0 11. Bf3 h6 12. h3 Bc7 13. Nde2 Be6 14. Bf4 Ne5 15. Nd4 Nc4 16. Bxc7 Qxc7 17. Qc1 Rac8 18. Nce2 Rfe8 19. b3 Ne5 20. Qf4 Nxf3+ 21. Qxf3 Ne4 22. Rfd1 Nc3 23. Nf4 Nxd1 24. Rxd1 b5 25. Rd3 Qd6 26. b4 Rc4 27. c3 Bf5 28. Re3 Rxe3 29. Qxe3 Be6 30. Nfe2 Rc7 31. Nb3 Re7 32. Qd2 Qe5 33. Ng3 Bc8 34. Kf1 Re6 35. Nd4 Rf6 36. Nf3 Qf4 37. Qxf4 Rxf4 38. Ne5 Rf6 39. Ne2 Bf5 40. Nd4 Bh7 41. Ke2 Rd6 42. f3 h5 43. h4 f6 44. Nd3 Bxd3+ 45. Kxd3 Kf7 46. Nf5 Re6 47. Kd4 Re2 48. g3 g6 49. Kd3 Rg2 50. Ne3 Rxg3 51. Nxd5 Rxf3+ 52. Kd4 g5 53. hxg5 fxg5 54. Nc7 Rf6 55. Nd5 Rd6 56. c4 bxc4 57. Kxc4 h4 58. Ne3 Re6 59. Kd4 Rxe3 60. Kxe3 Ke6 0-1

[Event "Warsaw YMCA Summer-B 94th"]
[Site "Warsaw"]
[Date "2011.08.06"]
[Round "1"]
[White "Prus, Marek"]
[Black "Szewczyk, Mariusz"]
[Result "0-1"]
[WhiteElo "1783"]
[BlackElo "1804"]
[PlyCount "42"]
[EventDate "2011.07.27"]
[EventType "tourn"]
[EventRounds "11"]
[EventCountry "POL"]
[SourceTitle "EXT 2019"]
[Source "ChessBase"]
[SourceDate "2018.10.10"]
[SourceVersion "1"]
[SourceVersionDate "2018.10.10"]
[SourceQuality "1"]

1. Nc3 d5 2. e4 dxe4 3. Nxe4 e5 4. Nf3 Nc6 5. Bb5 Bd7 6. 0-0 Nf6 7. Qe2 Nxe4 8. Qxe4 Bd6 9. c3 Qe7 10. Re1 0-0 11. d3 Rae8 12. Bg5 f6 13. Bh4 g5 14. Bxc6 bxc6 15. Bg3 f5 16. Qc4+ Be6 17. Qxc6 f4 18. Nxe5 fxg3 19. fxg3 Qf6 20. d4 Qf2+ 21. Kh1 Bxa2 0-1